Un mundo unipolar y las amenazas para la paz mundial

保存先:
書誌詳細
第一著者: Alarcón de Quesada, Ricardo
フォーマット: テキスト
タグ: タグ追加
タグなし, このレコードへの初めてのタグを付けませんか!

MARC

LEADER 00000 a a2200000 04500
001 29197
003
040
090 |a 190800  
100 |a Alarcón de Quesada, Ricardo  
245 |a Un mundo unipolar y las amenazas para la paz mundial  
300 |a 27 p.  
999 |c 12768  |d 12768